Código de Comercio: edición oficial, al 20 de Abril de 1975, aprobada por Decreto Nº 1265, de 20 de junio de 1975, del Ministerio de Justicia.
Guardat en:
| Autor corporatiu: | |
|---|---|
| Format: | Llibre |
| Idioma: | anglès |
| Publicat: |
Santiago, Chile:
Jurídica de Chile,
1976.
|
| Edició: | 6a. edición. |
| Matèries: | |
| Etiquetes: |
Afegir etiqueta
Sense etiquetes, Sigues el primer a etiquetar aquest registre!
|
MARC
| LEADER | 00000nam a22000007a 4500 | ||
|---|---|---|---|
| 003 | CL-VaPUC | ||
| 005 | 20241010170816.0 | ||
| 008 | 241007t1976 ||||| |||| 00| 0 eng d | ||
| 999 | |c 445014 |d 445012 | ||
| 040 | |c Pontificia Universidad Católica de Valparaíso | ||
| 082 | |2 22 |a 346.8307 CHI 1976 | ||
| 110 | 1 | |a Chile. |9 890760 | |
| 245 | |a Código de Comercio: edición oficial, al 20 de Abril de 1975, aprobada por Decreto Nº 1265, de 20 de junio de 1975, del Ministerio de Justicia. | ||
| 250 | |a 6a. edición. | ||
| 260 | |a Santiago, Chile: |b Jurídica de Chile, |c 1976. | ||
| 300 | |a 1112 páginas. | ||
| 500 | |a c.1: Donación. Biblioteca de Derecho. Memo DER N° 042. 03-10-2024 | ||
| 583 | |c 20241007 |k Yessy Sthefany Diaz Vidal | ||
| 650 | 0 | |9 256340 |a Derecho comercial |x Contratos y obligaciones mercantiles |z Chile | |
| 650 | 0 | |9 329302 |a Código de comercio |x Legislación chilena | |
| 942 | |2 ddc |c BK | ||
| 952 | |0 0 |1 0 |2 ddc |4 0 |6 346_830700000000000_CHI_1976 |7 0 |8 A |9 597241 |a BIBDER |b BIBDER |d 2024-10-07 |e Donación |i 5662998 |o 346.8307 CHI 1976 |p 5662998 |r 2024-10-07 |t 1 |w 2024-10-07 |y BK |k DER | ||